| 000 | 00479nam a2200121Ia 4500 | ||
|---|---|---|---|
| 008 | 171212s9999 xx 000 0 und d | ||
| 020 | _a9781922064608 | ||
| 100 | _aRolls, Alistair;West-Sooby, John;Fornasiero, Jean | ||
| 245 |
_cRolls, Alistair;West-Sooby, John;Fornasiero, Jean _aIf I Say If _bThe Poems and Short Stories of Boris Vian |
||
| 260 |
_bUniversity of Adelaide Press _c2014 |
||
| 650 | _aLanguage & Literature | ||
| 856 | _uhttp://jstor.org/stable/10.20851/j.ctt1t3053k | ||
| 999 |
_c352927 _d352927 |
||